000 00424nam a2200133Ia 4500
003 GCL
008 140319s9999 xx 000 0 ara d
040 _aGCL /
_cGCL
082 0 4 _a338.9
_bم ا
245 1 0 _aالامكانيات العربية أعادة نظر وتقويم فى ضوء تنمية بديلة
260 _a[S.N] :
_bمركز دراسات الوحدة العربية ،
_c1982
300 _a135 ص
490 _a
999 _c35576
_d35576